000 00527nam a2200121Ia 4500
008 220615s9999||||xx |||||||||||||| ||und||
100 _aJaume Navarro (ed.)||Massimiliano Badino (ed.)
245 0 _aResearch and Pedagogy: A History of Quantum Physics through Its Textbooks
546 _aEnglish[eng]
650 _aphysics textbooks||history of pedagogy||history of quantum physics||MPRL||Edition Open Access||history of science||science textbooks
856 _uhttp://www.edition-open-access.de/studies/2/index.html
942 _cEB
999 _c9713
_d9713